| 000 | 00696nmm a22002417a 4500 | ||
|---|---|---|---|
| 005 | 20160219144442.0 | ||
| 006 | a|||||r|||| 00| | | ||
| 008 | 160219b xxu||||| |||| 00| 0 spa d | ||
| 041 | _aeng | ||
| 100 |
_aHayden, Bernie _94733 |
||
| 100 |
_aSoars, John _94734 |
||
| 100 |
_aSoars, Liz _94735 |
||
| 245 | _aThe third edition new headway: pre-intermediate, interactive practice cd-rom | ||
| 260 |
_aInglaterra _bOxford University Press _c2008 |
||
| 650 |
_aGRAMÁTICA _94736 |
||
| 650 |
_aVOCABULARIO _94737 |
||
| 650 |
_aENSEÑANZA DEL INGLES _94738 |
||
| 650 |
_aESCRITURA _92870 |
||
| 650 |
_aDICTADOS _94739 |
||
| 650 |
_aPRÁCTICAS _94740 |
||
| 650 |
_aEXAMENES _9282 |
||
| 942 | _cCD | ||
| 999 |
_c7663 _d7663 |
||